| 000 | 00000nam##2200000za#4500 |
| 001 | 9.700470 |
| 003 | CaOODSP |
| 005 | 20250506145324 |
| 007 | cr ||||||||||| |
| 008 | 150407|1989||||xxc|||||o f|0| 0 eng|d |
| 040 | |aCaOODSP|beng |
| 043 | |an-cn--- |
| 086 | 1 |aA53-1833/1989E-PDF |
| 110 | 1 |aCanada.|bAgriculture Canada. |
| 245 | 10|aAlfalfa production and management in Atlantic Canada |h[electronic resource] |
| 260 | |bAgriculture Canada |c1989. |
| 300 | |a40p.|bfigs., illus. (some coloured), tables |
| 500 | |aHistorical publication digitized by Agriculture and Agri-Food Canada. |
| 504 | |aBibliography. |
| 590 | |a15-05-Supp|b2015-03-31 |
| 775 | 08|tProduction et exploitation de la luzerne dans les provinces de l'Atlantique |w(CaOODSP)9.644354 |
| 856 | 40|ahttp://publications.gc.ca|qPDF|s2524 KB|uhttps://publications.gc.ca/collections/collection_2015/aac-aafc/A53-1833-1989-eng.pdf |
| 986 | |aPublication 1833/E |